| 000 | 00792cam a22002655i 4500 | ||
|---|---|---|---|
| 001 | 17859215 | ||
| 005 | 20150114132324.0 | ||
| 008 | 130821t2015 xxua fr 001 0 eng d | ||
| 010 | _a2013948486 | ||
| 020 | _a9781285429106 | ||
| 020 | _a1285429109 | ||
| 040 |
_aDLC _beng _cDLC _dEG-ScBUE |
||
| 082 | 0 | 0 |
_222 _a612.015 _bCAM |
| 100 | 1 |
_aCampbell, Mary K. _937165 |
|
| 245 | 1 | 0 |
_aBiochemistry / _cMary K. Campbell, Shawn O. Farrell. |
| 250 | _a8th Ed. | ||
| 260 |
_aStamford, United States : _bCengage Learning, _cc.2015. |
||
| 300 |
_a[Various pagings] : _bill. (col.) ; _c28 cm. |
||
| 500 | _aIncludes indexes. | ||
| 650 | 0 |
_918368 _aBiochemistry |
|
| 653 |
_bPPhrm _cJanuary2015 |
||
| 655 |
_vreading book _934232 |
||
| 700 | 1 |
_937166 _aFarrell, Shawn O. |
|
| 942 |
_2ddc _k612.015 CAM |
||
| 999 |
_c18876 _d18848 |
||